000 01000cab a22002295a 4500
001 L153259
008 110704e20110624xxk 000 0 eng d
035 _a(Sirsi) u153259
041 0 _aeng
100 1 _aWilcock, Mike
245 0 0 _aEconomics
_bcost model, global manufacturing
260 _c2011
490 _aBuilding
_v276(8684) 24 June 2011, 48-53(6)
520 _aManufacturing in many countries is showing strong signs of recovery and the development of manufacturing facilities is required to keep pace with contemporary process and technologies. Introduction, market overview, key drivers, building engineering, where to invest and why, regional share of global manufacturing, global manufacturing competitiveness index 2010 and future; UK machining and assembly facility.
590 _aKA
651 4 _aInternational
651 4 _aUnited Kingdom
_y
690 _aBUILT ENVIRONMENT-BUILDING COSTS
690 _aProject management
_96261
700 1 _aJenkins, Miles
942 _n0
999 _c83241
_d83241